000 00383nam a2200145Ia 4500
008 220803s9999 xx 000 0 und d
020 _a0 86357 372 9
041 _aeng
082 _a701.8 BLU
100 _aBlurton T R Ed.
_99646
245 _aEnduring Image : Treasures From The British Museum
260 _aNew Delhi
_bBritish Council
_c1998
300 _a240p
650 _aArt
_99647
999 _c8552
_d8552